| 000 | 00000nam 2200000za 4500 |
| 001 | 9.821308 |
| 003 | CaOODSP |
| 005 | 20221107143427 |
| 007 | cr ||||||||||| |
| 008 | 160719s1954 oncae||#o||||f001 0|eng d |
| 040 | |aCaOODSP|beng |
| 043 | |an-cn--- |
| 086 | 1 |aNH17-66/1954E-PDF |
| 245 | 00|aSmall house designs |h[electronic resource] : |btwo-storey and 1 1/2-storey houses |
| 246 | 30|aTwo-storey and 1 1/2-storey houses |
| 260 | |aOttawa : |bCentral Mortgage and Housing Corporation, |c1954. |
| 300 | |a60 p. : |bill., plans |
| 500 | |aCover title. |
| 500 | |a"November 1954." |
| 520 | 0 |aThis is one of two booklets illustrating houses for which construction drawings have been made available to prospective home-owners and builders through the co-operation of Central Mortgage and House Corporation and Canadian architects. Includes an introductory article, "Selecting a house design," and floor plans for three-bedroom two-storey houses, four-bedroom two-storey houses, three-bedroom 1 1/2-storey houses, and four-bedroom 1 1/2-storey houses. The companion booklet is "Small house designs: bungalows and split-level houses." |
| 692 | 07|2gccst|aDomestic architecture |
| 692 | 07|2gccst|aHousing |
| 692 | 07|2gccst|aArchitectural drawings |
| 693 | 4|afloor plans |
| 693 | 4|ahouse plans |
| 693 | 4|ahouse designs |
| 710 | 2 |aCentral Mortgage and Housing Corporation (Canada) |
| 710 | 2 |aCanada Mortgage and Housing Corporation. |
| 856 | 40|qPDF|s8.72 MB|uhttps://publications.gc.ca/collections/collection_2016/schl-cmhc/NH17-66-1954-eng.pdf |
| 986 | |aCMHC 1083 |